000 00614nam a2200181Ia 4500
008 151018s9999 xx 000 0 und d
082 _bRBASDV38818
_a891.463
100 _aसुमती कुकडे
245 _aकहाणी आरोग्य देवतेची
250 _b1
260 _bमधुराज
_c2002
300 _a16
600 _aसुमती कुकडे
630 _aकहाणी आरोग्य देवतेची
700 _aसुमती कुकडे
730 _aकहाणी आरोग्य देवतेची
942 _cBOOK
999 _c1038198
_d1038195